Vplyv dopravnej infraštruktúry na krajinu

Ochranné opatrenia a premyslenie umiestnenia objektov pri výstavbe ciest a diaľnic. Prepojenie prírodných území a zabezpečenie priechodnosti krajiny. Vytvorenie kompenzačných ekologických opatrení, spočíva v riešení procesu EIA (Environmental Impact Assessment).

Enregistré dans:
Détails bibliographiques
Auteur principal: Ďurčanská, Daniela
Format: Chapitre de livre
Langue:slovaque
Sujets:
Tags: Ajouter un tag
Pas de tags, Soyez le premier à ajouter un tag!

MARC

LEADER 00000naa a2200000 4500
001 0181981
005 20231208081105.4
041 0 |a slo 
044 |a SK 
245 1 0 |a Vplyv dopravnej infraštruktúry na krajinu  |c Daniela Ďurčanská 
520 |a Ochranné opatrenia a premyslenie umiestnenia objektov pri výstavbe ciest a diaľnic. Prepojenie prírodných území a zabezpečenie priechodnosti krajiny. Vytvorenie kompenzačných ekologických opatrení, spočíva v riešení procesu EIA (Environmental Impact Assessment). 
610 2 0 |a environmentalistika 
610 2 0 |a diverzita biologická 
610 2 0 |a ochrana prostredia životného 
610 2 0 |a exhaláty 
610 2 0 |a doprava 
610 2 0 |a infraštruktúra dopravná 
100 1 |a Ďurčanská, Daniela